Statistics for football milestones

Click here to take the quiz!

General Stats

  • This quiz has been taken 5 times
  • The average score is 15 of 20

Answer Stats

HintAnswer% Correct
Man Utd win Champions League1999
100%
Munich air crash1958
100%
Premier League formed1992
100%
England win World cup1966
100%
Tottenham become first side this century to do the double1961
100%
First FA Cup semi final played at Wembley1991
75%
Bradford and Heysel stadium tragedies1985
75%
First £1million transfer completed1979
75%
Scottish Premier League introduced1975
75%
England suffer first defeat at wembley by non uk team1953
75%
Sheffield F.C the worlds oldest club formed1857
75%
First £1000 transfer completed1905
75%
Promotin and relegation introduced1898
75%
Football League formed1888
75%
FA founded1863
75%
British record attendance of 149547 watch Englan v Scotland1937
50%
First £10000 transfer completed1928
50%
Wembley stadium built1923
50%
King George V becomes first monarch to attend FA cup final1914
50%
First set of rules compiled in Cambridge1848
50%

Score Distribution

Percentile by Number Answered

Percent of People with Each Score

Your Score History

You have not taken this quiz